000 01143nam a22003137a 4500
005 20121204120642.0
008 121204t xxu||||| |||| 00| 0 eng d
010 _aENG-106336
020 _c599.00
_a9781259029066
020 _c599.00
_a1259029069
035 _aEN-89869
037 _bDBAD / PUB
040 _adpl
_bEng
082 _a158.7
100 _aLamberton, Lowell H.
_954020
245 _aHuman relations :
_cby Lowell H. Lamberton [and] Leslie Minor
_bstrategies for success /
250 _a4th ed
260 _aNew Delhi
_bTata McGraw Hill
_c2012
270 _bNew Delhi
_a7 West Patel Nagar
_e110008
300 _axii,594p.
_c26cm(pbk)
500 _aIncludes bibliographical references and index
650 _aPsychology, Industrial.
_954081
650 _aPersonnel management.
_954082
650 _aInterpersonal relations.
_954083
650 _aGroup relations training.
_954084
700 _aMinor, Leslie
_954024
942 _2ddc
_cEN
_mLAM
_h158.7
999 _c71825
_d71825